مكتبة جامعة عجلون الوطنية

فهرس بحث المكتبة

Normal view MARC view
  • المحاميد ، موفق سمور

Entry Personal Name

Number of records used in: 1

001 - CONTROL NUMBER

  • control field: 25052

003 - CONTROL NUMBER IDENTIFIER

  • control field: JO-AjAnu

005 - DATE AND TIME OF LATEST TRANSACTION

  • control field: 20230606074303.0

008 - FIXED-LENGTH DATA ELEMENTS

  • fixed length control field: 230606|| aca||aabn | a|a d

040 ## - CATALOGING SOURCE

  • Original cataloging agency: JO-AjAnu
  • Transcribing agency: JO-AjAnu

100 ## - HEADING--PERSONAL NAME

  • Personal name: المحاميد ، موفق سمور

670 ## - SOURCE DATA FOUND

  • Source citation: Work cat.: (JO-AjAnu)12888: المحاميد ، موفق سمور , author, المعاملة الضريبية للدخل غير المشروع : مدى خضوع الدخل غير المشروع لضريبة الدخل " دراسة مقارنة بين الأردن و مصر و الولايات المتحدة الأمريكية "